| 000 | 00634nam a2200205 a 4500 | ||
|---|---|---|---|
| 005 | 20251104063905.0 | ||
| 008 | 991125s1976 mx 000 0 spa u | ||
| 035 | _aUPN01000028013 | ||
| 049 | _aCG | ||
| 050 | 4 |
_aRC438 _bF6.38 1976 |
|
| 100 | 1 |
_aFoucault, Michel, _d1926-1984 |
|
| 245 | 1 | 0 |
_aHistoria de la locura en la época clásica / _cpor Michel Foucault ; tr. de Juan José Utrilla. |
| 250 | _a2a ed. | ||
| 260 |
_aMéxico : _bFCE, _c1976. |
||
| 300 | _a2 v. | ||
| 440 | 0 |
_aBreviarios del Fondo de Cultura Económica ; _v191 |
|
| 650 | 2 |
_aEnfermedades mentales _912828 |
|
| 650 | 4 |
_aPSIQUIATRIA - _xHISTORIA |
|
| 905 | _aLibro | ||
| 999 |
_c28013 _d28013 |
||